| 000 | 00724nam a2200253 a 4500 | ||
|---|---|---|---|
| 005 | 20210219152902.0 | ||
| 008 | 991125n 000 0 u | ||
| 035 | _aUPN01000065226 | ||
| 100 | _aKidd, Gerald, Jr. | ||
| 222 | _aJOURNAL OF SPEECH, LANGUAGE, AND HEARING RESEARCH | ||
| 245 | _aAuditory detection of the human brainstem auditory evoked response | ||
| 300 | _a442-447 | ||
| 362 | _a36, No. 2, 1993 | ||
| 505 | _aOctubre 1993 | ||
| 653 | 0 | _aESTIMULO AUDITIVO | |
| 653 | 0 | _aESTIMULO VISUAL | |
| 653 | 0 | _aEVALUACION AUDITIVA | |
| 653 | 0 | _aNEUROLOGIA | |
| 653 | 0 | _aPERCEPCION AUDITIVA | |
| 700 | _aBurkard, Robert F. | ||
| 700 | _aMason, Christine R. | ||
| 904 |
_aAC _b003037 |
||
| 905 | _aArticulo | ||
| 999 |
_c63004 _d63004 |
||